Klasyfikacja Pucharu Narodów w sezonie 2024/25 w skokach narciarskich - Statystyki

Ogólne statystyki
  • Ten quiz został rozwiązany 294 razy
  • Średni wynik to 15 z 17
Statystyki odpowiedzi
Miejsce Drużyna Punkty % Poprawnych
1 Austria 8343
100%
6 Polska 2062
99%
4 Słowenia 3892
99%
5 Japonia 2421
98%
2 Niemcy 4523
98%
3 Norwegia 3956
98%
9 Finlandia 414
93%
13 Włochy 160
93%
8 Usa 875
92%
7 Szwajcaria 1553
91%
11 Francja 233
89%
16 Kazachstan 39
88%
12 Bułgaria 165
84%
17 Czechy 3
83%
14 Ukraina 86
81%
10 Estonia 265
75%
15 Turcja 42
75%
Nie znaleziono quizów pasujących do podanych kryteriów
Rozkład punktacji
Procent ludzi z każdym wynikiem
Percentyl według liczby udzielonych odpowiedzi
Twoja historia wyników
Nie rozwiązałeś tego quizu